000 01381cam a2200397 a 4500
001 15334333
003 Nust- CAS-E
005 20180118181353.0
008 080618s2008 nyuab b 001 0 eng
010 _a 2008027103
015 _aGBA853907
_2bnb
016 7 _a014583480
_2Uk
020 _a9780071487498
020 _a0071487492
020 _a0071487492 (alk. paper)
035 _a(OCoLC)222151600
_z(OCoLC)144224060
035 _a(OCoLC)ocn222151600
040 _aDLC
_cDLC
_dBTCTA
_dBAKER
_dYDXCP
_dUKM
_dC#P
_dBWX
_dCDX
_dIXA
_dAGL
_dDLC
050 0 0 _aTP339
_b.D73 2008
070 0 _aTP339
_b.D73 2008
082 0 0 _a662.88
_222
_bDRA 2008
100 1 _aDrapcho, Caye M.
245 1 0 _aBiofuels engineering process technology /
_cCaye M. Drapcho, Nghiem Phu Nhuan, Terry H. Walker.
260 _aNew York :
_bMcGraw-Hill,
_cc2008.
300 _axi, 371 p. :
_bill., maps ;
_c24 cm.
504 _aIncludes bibliographical references and index.
650 0 _aBiomass energy.
650 0 _aManufacturing processes.
650 0 _aProduction engineering.
700 1 _aNhuan, Nghiem Phu.
700 1 _aWalker, Terry H.
856 4 1 _3Table of contents only
_uhttp://www.loc.gov/catdir/toc/ecip0821/2008027103.html
906 _a7
_bcbc
_corignew
_d1
_eecip
_f20
_gy-gencatlg
942 _2ddc
_cBK
999 _c355196
_d355196